Statistics for J1歴代優勝チーム

Click here to take the quiz!

General Stats

  • This quiz has been taken 4 times
  • The average score is 25 of 31

Answer Stats

HintAnswer% Correct
2023ヴィッセル神戸
100%
2012サンフレッチェ広島
100%
1996鹿島アントラーズ
100%
1998鹿島アントラーズ
100%
2000鹿島アントラーズ
100%
2001鹿島アントラーズ
100%
2005ガンバ大阪
100%
2007鹿島アントラーズ
100%
2009鹿島アントラーズ
100%
2010名古屋グランパス
100%
2008鹿島アントラーズ
100%
2013サンフレッチェ広島
100%
2018川崎フロンターレ
100%
2014ガンバ大阪
100%
2015サンフレッチェ広島
100%
2021川崎フロンターレ
100%
2016鹿島アントラーズ
100%
2017川崎フロンターレ
100%
2020川崎フロンターレ
100%
1997ジュビロ磐田
75%
1999ジュビロ磐田
75%
2002ジュビロ磐田
75%
2011柏レイソル
75%
2019横浜Fマリノス
50%
2003横浜Fマリノス
50%
2004横浜Fマリノス
50%
2022横浜Fマリノス
50%
1995横浜Fマリノス
50%
2006浦和レッズ
25%
1994ヴェルディ川崎
25%
1993ヴェルディ川崎
25%

Score Distribution

Percentile by Number Answered

Percent of People with Each Score

Your Score History

You have not taken this quiz